| 000 | 01787nam a2200397 i 4500 | ||
|---|---|---|---|
| 003 | DO-SdBNP | ||
| 005 | 20250616142450.0 | ||
| 007 | ta | ||
| 008 | 250402b2024 dr a b 000 0 spa d | ||
| 020 | _a9789945245448 | ||
| 040 |
_aDO-SdBNP _bspa _cBNPHU _erda |
||
| 041 | _aspa | ||
| 082 | 4 |
_aRD863.44 _bB257c _222 |
|
| 100 | 1 |
_aBarletta, Nelia _935986 _eautor _4aut. |
|
| 245 | 1 | 0 |
_aCuando sea grande, quiero ser... explorador / _cNelia Barletta ; ilustraciones, José Amado Polanco ; editor, Jorge Luis Zamora ; corrección de estilo, Gisela Vargas. |
| 250 | _aPrimera edición | ||
| 264 | 4 |
_aSanto Domingo : _bSantillana Infantil y Juvenil, _c©2024. |
|
| 300 |
_a35 páginas : _bilustraciones ; _c21 cm. |
||
| 336 |
_atexto _btxt _2rdacontent |
||
| 337 |
_asin mediación _bn _2rdamedia |
||
| 338 |
_avolumen _bnc _2rdacarrier |
||
| 490 | 0 | _aLoqueleo | |
| 490 | 0 |
_aVerde _aCuento _v4 |
|
| 490 | 0 | _aCuando sea grande, quiero ser... | |
| 500 | _aIncluye datos biográficos de la autora en la página 35. | ||
| 520 | _aLa escritora Nelia Barletta crea una atmósfera vívida y llena de detalles, que transporta a los lectores al campo y a la naturaleza salvaje. A través de la voz de Mateo, podemos sentir su entusiasmo y su pasión por descubrir el mundo que lo rodea, así como su valentía al adentrarse en lo desconocido. | ||
| 521 | _aA partir de 4 años. | ||
| 590 | _aInventariado 2025/ YL | ||
| 650 | 4 |
_973308 _aLiteratura infantil dominicana |
|
| 650 | 4 |
_977603 _aCuentos infantiles dominicanos |
|
| 700 | 1 |
_aPolanco, José Amado, _eilustración _923172 _4il. |
|
| 700 | 1 |
_aZamora, Jorge Luis, _eedición _935021 _4ed. |
|
| 700 | 1 |
_aGuerra, Juan Luis _d1957- _ecorrección _983789 _4corr. |
|
| 910 | _aYLockward. Validado. Control de calidad MFF | ||
| 942 |
_2ddc _cLF2 |
||
| 999 |
_c58565 _d58565 |
||